Регионална библиотека "Любен Каравелов" - Русе

Катихизически поучения от протойерея Родиона Путятина (Запис номер 157069)

MARC детайли
000 -Лидер
Контролно поле с фиксирана дължина 01389nam a2200337 c 4500
003 - Код на организацията, давaща контролен номер
Контролно поле BLK
005 - Дата и час на последна редакция
Контролно поле 20180422113508.0
008 - Елементи от данни с фиксирана дължина
fixed length control field 180410b bul|||||r ||||||| ||bul||
010 ## - Наследен системен номер
LC control number KNG00164010000
040 ## - Източник на каталожния запис
Идентификатор на билиотеката - собственик на записа BLK
041 ## - Код за език
Код за езика на текст/звукозапис или на отделно заглавие Български
Код за езика КДБФ Български
072 #7 - Код за тематичната категория
Код организация bullib
Код за тематична категория С
Текст Старопечатен фонд
080 ## - УДК
Текстов определител УДК Катехизис. Символи на вярата
УДК код - определител по УДК 238
УДК определител
УДК - код + определител 238
139 ## - Редно поле
Редна дума Путятин, Радион Т.
Авторски знак Пу - П 93
245 10 - Сведения за заглавието
Заглавие Катихизически поучения от протойерея Родиона Путятина
Подзаглавни данни / Превод Н. Михайловскаго
Редно поле (дума) * Радион Т. Путятин; * Никола Стоянов Михайловски.
257 ## - Страна на издаване
Страна на създаване/издаване Русия
260 ## - Област на издателските данни
-- В. Търново
Име на издателя, разпространителя и проч. книгопродавница Момчилова и сие
Година на издаване 1868
Печатница Русчук : В печатницата на Дунавската област
300 ## - Физическа характеристика
Страници 116 с.
Размери/Мащаб 20 см
380 ## - Жанр
Жанр Общ отдел
650 #4 - Допълнително описание по предмет – тема
Основно описание – тема или топоним Катехизис, православен
9 (RLIN) 257321
653 ## - Ключова дума – ненормативна
Ключова дума катехизис
653 ## - Ключова дума – ненормативна
Ключова дума православие
659 ## - Тематичен бюлетин
Тематичен бюлетин С
700 1# - Други автори (авторска отговорност)
Лично име Путятин, Радион Т.
Автороска отговорност (Описва отношението между автора и произведението) *
9 (RLIN) 113461
700 1# - Други автори (авторска отговорност)
Лично име Михайловски, Никола Стоянов
Автороска отговорност (Описва отношението между автора и произведението) *
9 (RLIN) 380238
852 ## - Местоположение
Форматна сигнатура Цб Ст 5271*989
856 4# - Електронен адрес и достъп
Електронен формат pdf - файл
Път до файла /url/
856 4# - Електронен адрес и достъп
Електронен формат pdf - файл
Път до файла /url/
942 ## - АРТИКУЛИ
Вид на библиотечния материал Книги
Скрит в OPAC Не
944 ## - СЪЗДАВАНЕ И РЕДАКЦИЯ на ЗАПИСА
Създаване/Редакция Създаване
Дата на регистрацията/редакция 11.08.2014
Служител, извършил регистрацията/редакцията Теодора_Стоянова
944 ## - СЪЗДАВАНЕ И РЕДАКЦИЯ на ЗАПИСА
Създаване/Редакция Редакция
Дата на регистрацията/редакция 11.08.2014
Служител, извършил регистрацията/редакцията
999 ## - СИСТЕМНИ КОНТРОЛНИ НОМЕРА
Koha biblionumber 157069
Koha biblioitemnumber 157069
Наличности
Код за отписване Код за изгубен артикул Източник на класификационната схема Код за повреда Коз за рестрикции Код за отдаване Артикулен № Име на библиотеката - собственик Име на библиотеката, в която се намира в момента Статус (Текущо местоположение) Дата на вписване в системата Местоположение - отдел Цена в лева Инвентарен номер Систематично азбучна сигнатура Баркод Номер на екземпляра Цена в евро Служебна бележка Служебен тип на артикула
  Не е изгубен Universal Decimal Classification Не е повреден само за читалня Специални фондове ( старопечатни, редки и ценни, фонд М. Арнаудов) 263135 Регионална библиотека "Любен Каравелов" Русе Регионална библиотека "Любен Каравелов" Русе Старопечатен фонд 2000-01-01 Старопечатен фонд 0.93 13712/58-ст Цб Ст 5271*989 900000000448 1 0.48 Дост: DA Вид: А N: стар фонд Дата: 01.01.2000 Дата инв: 02.04.2018 Бележки инв: СТ2018 Книги
Vip Innovations Ltd, Rousse, Bulgaria 2025